000 00901nam a2200217Ia 4500
003 GCL
008 140319s9999 xx 000 0 ara d
020 _a3206322977
040 _aGCL /
_cGCL
082 0 4 _aق
_b953.08
_bح ا
100 1 _aحسن احمد عبدالجليل البطاوى
245 1 0 _aاهل العمامة فى مصر - عصر سلاطين المماليك /
_cحسن احمد عبدالجليل البطاوى
250 _aالاولى
260 _aالقاهرة :
_bعين للدراسات والبحوث الانسانية والاجتماعية ،
_c2007
300 _a200 ص ؛
_c24 سم
650 0 4 _aالمجتمع المصرى
650 0 4 _aمصر - الاحوال الاجتماعية - عصر المماليك
650 0 4 _aالمجتمع المصرى - العادات والتقاليد
650 0 4 _aالعمامات - تاريخ - مصر
942 _2ddc
_cBK
999 _c9710
_d9710